[Event "CHN-chT"]
[Site "Qingdao"]
[Date "2024.04.03"]
[Round "2.1"]
[White "Xu, Minghui"]
[Black "Cheng, Gongpu"]
[Result "1-0"]
[WhiteElo "2383"]
[BlackElo "1708"]
[PlyCount "49"]
[EventDate "2024.04.02"]
[EventType "team-swiss"]
[EventRounds "9"]
[EventCountry "CHN"]
[SourceTitle "CB16_2024"]
[SourceDate "2024.04.17"]
[SourceVersion "1"]
[SourceVersionDate "2024.04.17"]
[SourceQuality "1"]
[WhiteTeam "Zhejiang"]
[BlackTeam "Henan"]
[WhiteTeamCountry "CHN"]
[BlackTeamCountry "CHN"]

1. d4 Nf6 2. c4 g6 3. h4 h5 4. Nc3 Bg7 5. e4 d6 6. Be2 0-0 7. Bg5 Nbd7 8. Nf3 c5 9. d5 Ng4 10. Qd2 a6 11. 0-0 Nde5 12. Nxe5 Bxe5 13. f3 Nf6 14. Bd3 Bd7 15. a4 Nh7 16. Be3 e6 17. Qf2 exd5 18. Nxd5 f5 19. f4 Bg7 20. Qg3 Nf6 21. Qxg6 Nxd5 22. cxd5 Qf6 23. Qxh5 Rae8 24. e5 dxe5 25. fxe5 1-0

[Event "CHN-chT Div A Finals"]
[Site "Nanjing"]
[Date "2023.12.04"]
[Round "3.22"]
[White "Li, Di"]
[Black "Xu, Minghui"]
[Result "1/2-1/2"]
[WhiteElo "2568"]
[BlackElo "2389"]
[PlyCount "59"]
[EventDate "2023.12.02"]
[EventType "team-tourn"]
[EventRounds "10"]
[EventCountry "CHN"]
[SourceTitle "CB50_2023"]
[SourceDate "2023.12.13"]
[SourceVersion "1"]
[SourceVersionDate "2023.12.13"]
[SourceQuality "1"]
[WhiteTeam "Chengdu"]
[BlackTeam "Zhejiang Shaoxing"]
[WhiteTeamCountry "CHN"]
[BlackTeamCountry "CHN"]

1. e4 e5 2. Nf3 Nc6 3. Bc4 Bc5 4. d3 Nf6 5. a4 a5 6. 0-0 0-0 7. h3 h6 8. c3 d6 9. Be3 Bxe3 10. fxe3 Be6 11. Bxe6 fxe6 12. Nbd2 d5 13. Qb3 b6 14. Rf2 Rf7 15. Raf1 Qd6 16. exd5 exd5 17. e4 Raf8 18. exd5 Nxd5 19. Ne4 Qd7 20. Nfd2 Nf4 21. Qc4 Ne7 22. Rf3 Nf5 23. g3 Nxh3+ 24. Kh2 Kh8 25. Qb5 Qe6 26. Qc4 Qd7 27. Qb5 Qe6 28. Qc4 Qd7 29. Qb5 Qe6 30. Qc4 1/2-1/2

[Event "CHN-chT"]
[Site "Nanjing"]
[Date "2023.02.18"]
[Round "5.1"]
[White "He, Ping"]
[Black "Xu, Minghui"]
[Result "0-1"]
[WhiteElo "1868"]
[BlackElo "2411"]
[PlyCount "74"]
[EventDate "2023.02.14"]
[EventType "team-swiss"]
[EventRounds "9"]
[EventCountry "CHN"]
[SourceTitle "CBM 212 Extra"]
[Source "ChessBase"]
[SourceDate "2023.03.31"]
[SourceVersion "1"]
[SourceVersionDate "2023.03.31"]
[SourceQuality "1"]
[WhiteTeam "Hunan"]
[BlackTeam "Zhejiang"]
[WhiteTeamCountry "CHN"]
[BlackTeamCountry "CHN"]

1. d4 Nf6 2. c4 e6 3. g3 Bb4+ 4. Bd2 Be7 5. Bg2 d5 6. Nf3 0-0 7. Qc2 c6 8. 0-0 Nbd7 9. Rc1 Ne4 10. Be1 f5 11. Nc3 Bf6 12. Rab1 Qe8 13. cxd5 exd5 14. e3 Nb6 15. Na4 g5 16. Bb4 Rf7 17. Nxb6 axb6 18. Ne1 f4 19. Nd3 Bf5 20. Rd1 fxe3 21. fxe3 h5 22. Rf1 Qe6 23. Qe2 Rh7 24. Ra1 h4 25. Be1 Bg4 26. Bf3 Bh3 27. Bg2 hxg3 28. hxg3 Kg7 29. Rxf6 Nxf6 30. Ne5 Bxg2 31. Qxg2 Rah8 32. Bf2 Ne4 33. Rf1 Qh6 34. Nf3 Qh1+ 35. Qxh1 Rxh1+ 36. Kg2 Rxf1 37. Kxf1 Rf8 0-1

[Event "CHN-chT"]
[Site "Nanjing"]
[Date "2023.02.15"]
[Round "2.1"]
[White "Xu, Minghui"]
[Black "Liu, Yinuo"]
[Result "1-0"]
[WhiteElo "2411"]
[BlackElo "1450"]
[PlyCount "87"]
[EventDate "2023.02.14"]
[EventType "team-swiss"]
[EventRounds "9"]
[EventCountry "CHN"]
[SourceTitle "CBM 212 Extra"]
[Source "ChessBase"]
[SourceDate "2023.03.31"]
[SourceVersion "1"]
[SourceVersionDate "2023.03.31"]
[SourceQuality "1"]
[WhiteTeam "Zhejiang"]
[BlackTeam "Qingdao"]
[WhiteTeamCountry "CHN"]
[BlackTeamCountry "CHN"]

1. Nf3 Nf6 2. c4 g6 3. Nc3 Bg7 4. d4 0-0 5. e4 d6 6. Be2 e5 7. 0-0 Nc6 8. dxe5 dxe5 9. Bg5 Qxd1 10. Rfxd1 h6 11. Bxf6 Bxf6 12. h3 Be6 13. Nd5 Bd8 14. b4 f6 15. a3 Ne7 16. Ne3 c6 17. c5 Bc7 18. Bc4 Bxc4 19. Rd7 Ba6 20. Rxc7 Kf7 21. Nh4 Rfc8 22. Rd7 Rd8 23. Rad1 Rxd7 24. Rxd7 Re8 25. a4 h5 26. Nd1 Ke6 27. Rd6+ Kf7 28. Nc3 Bc4 29. Rd7 b6 30. Rxa7 bxc5 31. bxc5 Rb8 32. a5 Ke6 33. Na4 Rb5 34. Nb6 Bd3 35. Rd7 Be2 36. Rd2 Rb1+ 37. Kh2 Ba6 38. Rd6+ Kf7 39. Nd7 g5 40. Nf5 Nxf5 41. exf5 Bc8 42. Nxf6 Bxf5 43. Nxh5 Bg6 44. Rf6+ 1-0

[Event "CHN-chT Div A KO"]
[Site "Liaocheng"]
[Date "2023.02.09"]
[Round "4.3"]
[White "Xu, Minghui"]
[Black "Chen, Qi B"]
[Result "0-1"]
[WhiteElo "2411"]
[BlackElo "2496"]
[PlyCount "62"]
[EventDate "2023.02.06"]
[EventType "team-k.o."]
[EventRounds "6"]
[EventCountry "CHN"]
[SourceTitle "CBM 212 Extra"]
[Source "ChessBase"]
[SourceDate "2023.03.31"]
[SourceVersion "1"]
[SourceVersionDate "2023.03.31"]
[SourceQuality "1"]
[WhiteTeam "Zhejiang"]
[BlackTeam "Jiangsu"]
[WhiteTeamCountry "CHN"]
[BlackTeamCountry "CHN"]

1. d4 Nf6 2. c4 g6 3. Nc3 Bg7 4. e4 d6 5. Be2 0-0 6. Be3 Nc6 7. d5 Ne5 8. h3 e6 9. f4 Ned7 10. dxe6 fxe6 11. g4 b6 12. Qc2 Bb7 13. 0-0-0 a6 14. Bf3 Ne8 15. h4 b5 16. g5 Nb6 17. Bxb6 cxb6 18. Nge2 b4 19. Na4 Rc8 20. Bg4 Kf7 21. f5 b5 22. fxe6+ Ke7 23. c5 bxa4 24. Kb1 Rxc5 25. Qxc5 dxc5 26. Rxd8 Bxe4+ 27. Kc1 Kxd8 28. Rd1+ Kc7 29. e7 Rf7 30. Rd7+ Kb6 31. Be6 Bc6 0-1

[Event "CHN-chT Div-A"]
[Site "Fuling"]
[Date "2022.09.08"]
[Round "3.2"]
[White "Wen, Yang"]
[Black "Xu, Minghui"]
[Result "1/2-1/2"]
[WhiteElo "2588"]
[BlackElo "2408"]
[PlyCount "77"]
[EventDate "2022.09.06"]
[EventType "team-tourn"]
[EventRounds "11"]
[EventCountry "CHN"]
[SourceTitle "CBM 210 Extra"]
[Source "ChessBase"]
[SourceDate "2022.11.30"]
[SourceVersion "1"]
[SourceVersionDate "2022.11.30"]
[SourceQuality "1"]
[WhiteTeam "Shenzhen"]
[BlackTeam "Zhejiang"]
[WhiteTeamCountry "CHN"]
[BlackTeamCountry "CHN"]

1. e4 e5 2. Nf3 Nc6 3. Bc4 Bc5 4. d3 Nf6 5. Nc3 a6 6. a4 d6 7. Be3 Nd4 8. Bxd4 Bxd4 9. Nxd4 exd4 10. Ne2 c5 11. Nf4 0-0 12. 0-0 Bd7 13. a5 Bc6 14. Re1 Qc7 15. b4 cxb4 16. Bb3 b6 17. Ne2 bxa5 18. Nxd4 Bd7 19. Ra2 Rfe8 20. Qa1 d5 21. Rxa5 dxe4 22. Rxa6 Rxa6 23. Qxa6 Ng4 24. g3 Qc3 25. Qa1 Qxa1 26. Rxa1 exd3 27. cxd3 Ne5 28. Ra7 Rd8 29. Rb7 Be8 30. Nc2 Nxd3 31. Bc4 Ne5 32. Be2 Rd2 33. Rb8 Kf8 34. Bb5 Nd7 35. Bxd7 Rxd7 36. Nxb4 Rd1+ 37. Kg2 Rb1 38. Rb6 f6 39. Nd5 1/2-1/2

[Event "CHN-chT"]
[Site "Liaocheng"]
[Date "2021.10.26"]
[Round "7.1"]
[White "Xu, Minghui"]
[Black "Li, Xueyi"]
[Result "1-0"]
[WhiteElo "2393"]
[BlackElo "2303"]
[PlyCount "145"]
[EventDate "2021.10.20"]
[EventType "team-swiss"]
[EventRounds "9"]
[EventCountry "CHN"]
[SourceTitle "CBM 204 Extra"]
[Source "ChessBase"]
[SourceDate "2021.11.30"]
[SourceVersion "1"]
[SourceVersionDate "2021.11.30"]
[SourceQuality "1"]
[WhiteTeam "Zhejiang"]
[BlackTeam "Shenzhen"]
[WhiteTeamCountry "CHN"]
[BlackTeamCountry "CHN"]

1. Nf3 d5 2. g3 Nd7 3. c4 e6 4. Bg2 c6 5. Qc2 Ngf6 6. 0-0 Be7 7. b3 a5 8. Bb2 a4 9. d3 0-0 10. Nbd2 a3 11. Bc3 Qc7 12. b4 b6 13. Rac1 Bb7 14. Nb1 c5 15. b5 d4 16. Bd2 e5 17. Nh4 Bxg2 18. Nxg2 Ne8 19. e4 Nd6 20. f3 h6 21. Rf2 Bg5 22. f4 exf4 23. gxf4 Be7 24. Rcf1 f5 25. e5 Nb7 26. Qd1 Nd8 27. Qh5 Kh7 28. Qf3 Ra7 29. Qd5 Nb8 30. Bc1 Qc8 31. h4 Rd7 32. Qf3 Ne6 33. Nxa3 Qb7 34. Qh3 h5 35. Nc2 g6 36. Bd2 Qa8 37. Ra1 Ra7 38. Be1 Nd7 39. a3 Rg8 40. Qf3 Qxf3 41. Rxf3 Rga8 42. Kf1 Ndf8 43. Ke2 Nd8 44. Kd1 Nfe6 45. Kc1 Nf7 46. Kb2 Nh6 47. Kb3 Ng4 48. a4 Bd8 49. Ra3 Nh2 50. Rh3 Ng4 51. Rh1 Kg7 52. Bd2 Nf2 53. Rf1 Nxd3 54. Rf3 Nb4 55. Nxb4 cxb4 56. Bxb4 Be7 57. Bxe7 Rxe7 58. Kb4 Rc7 59. Ra1 Rac8 60. Rc1 Nc5 61. Ne1 Ne4 62. Rd3 Nc5 63. Ra3 Nb7 64. Nd3 Kf7 65. Ra2 Ke6 66. Rac2 Nc5 67. Nxc5+ bxc5+ 68. Ka3 Ra7 69. b6 Ra6 70. b7 Rb8 71. Rb2 Kd7 72. Rb5 Kc6 73. Rg1 1-0

[Event "CHN-chT"]
[Site "Liaocheng"]
[Date "2021.10.23"]
[Round "4.1"]
[White "Xu, Minghui"]
[Black "Tan, Zhongyi"]
[Result "1/2-1/2"]
[WhiteElo "2393"]
[BlackElo "2525"]
[PlyCount "74"]
[EventDate "2021.10.20"]
[EventType "team-swiss"]
[EventRounds "9"]
[EventCountry "CHN"]
[SourceTitle "CBM 204 Extra"]
[Source "ChessBase"]
[SourceDate "2021.11.30"]
[SourceVersion "1"]
[SourceVersionDate "2021.11.30"]
[SourceQuality "1"]
[WhiteTeam "Zhejiang"]
[BlackTeam "Chongqing"]
[WhiteTeamCountry "CHN"]
[BlackTeamCountry "CHN"]

1. d4 Nf6 2. c4 e6 3. Nc3 d5 4. cxd5 exd5 5. Bg5 c6 6. e3 Bf5 7. Qf3 Bg6 8. Bxf6 Qxf6 9. Qxf6 gxf6 10. Nf3 Be7 11. g3 Nd7 12. Nh4 f5 13. Ne2 Bxh4 14. gxh4 Nf6 15. Nf4 Nh5 16. Bd3 Nxf4 17. exf4 Kd7 18. Kd2 Rae8 19. b4 Kd6 20. Rhe1 Rxe1 21. Rxe1 Rg8 22. Rg1 Re8 23. Re1 Rxe1 24. Kxe1 b6 25. Kd2 h6 26. Kc3 f6 27. a3 Ke6 28. Ba6 Be8 29. Bd3 Bd7 30. Bc2 Kd6 31. Bd3 c5 32. bxc5+ bxc5 33. Bc2 Bb5 34. Bxf5 Be2 35. Bg6 Bf3 36. h5 a5 37. h4 Kc6 1/2-1/2

[Event "CHN-chT"]
[Site "Liaocheng"]
[Date "2021.10.21"]
[Round "2.1"]
[White "Xu, Minghui"]
[Black "Bai, Jinshi"]
[Result "1/2-1/2"]
[WhiteElo "2393"]
[BlackElo "2600"]
[PlyCount "63"]
[EventDate "2021.10.20"]
[EventType "team-swiss"]
[EventRounds "9"]
[EventCountry "CHN"]
[SourceTitle "CBM 204 Extra"]
[Source "ChessBase"]
[SourceDate "2021.11.30"]
[SourceVersion "1"]
[SourceVersionDate "2021.11.30"]
[SourceQuality "1"]
[WhiteTeam "Zhejiang"]
[BlackTeam "Hangzhou"]
[WhiteTeamCountry "CHN"]
[BlackTeamCountry "CHN"]

1. d4 d5 2. c4 e6 3. Nf3 Nf6 4. Nc3 c5 5. cxd5 exd5 6. g3 Nc6 7. Bg2 cxd4 8. Nxd4 Bc5 9. Nb3 Bb6 10. 0-0 d4 11. Na4 0-0 12. Bg5 Re8 13. Re1 h6 14. Bxf6 Qxf6 15. Nxb6 axb6 16. Bxc6 bxc6 17. Qxd4 Qd8 18. Qxd8 Rxd8 19. Rad1 Rxd1 20. Rxd1 Be6 21. Nc1 Bxa2 22. Nxa2 Rxa2 23. Rd6 Rxb2 24. Rxc6 Rxe2 25. Rxb6 h5 26. h4 g6 27. Kg2 Ra2 28. Rb3 Kg7 29. Re3 Kf6 30. Kf3 Kf5 31. Kg2 Kf6 32. Kf3 1/2-1/2

[Event "FISU World University KO"]
[Site "Tornelo INT"]
[Date "2020.10.29"]
[Round "1"]
[White "Xu, Minghui"]
[Black "Cardona Martinez, Lina Sofia"]
[Result "1-0"]
[WhiteElo "2407"]
[BlackElo "1877"]
[PlyCount "61"]
[EventDate "2020.10.29"]
[EventType "team-k.o. (rapid)"]
[EventRounds "4"]
[EventCountry "NET"]
[SourceTitle "CBM 199 Extra"]
[Source "ChessBase"]
[SourceDate "2021.01.31"]
[SourceVersion "1"]
[SourceVersionDate "2021.01.31"]
[SourceQuality "1"]
[WhiteTeam "China"]
[BlackTeam "Colombia"]
[WhiteTeamCountry "CHN"]
[BlackTeamCountry "COL"]

1. Nf3 Nf6 2. g3 g6 3. b3 Bg7 4. Bb2 d6 5. d4 0-0 6. Bg2 Nbd7 7. 0-0 c6 8. c4 Qc7 9. Nc3 a6 10. Qc2 Rd8 11. e4 e5 12. Rad1 a5 13. h3 exd4 14. Nxd4 Nc5 15. f4 Nfd7 16. Kh2 Nf8 17. Ba3 Nce6 18. Nde2 Nc5 19. Rd2 f5 20. e5 Nfe6 21. Rfd1 Bf8 22. exd6 Rxd6 23. Rxd6 Bxd6 24. Qd2 Be7 25. Qe3 Kf7 26. Nd5 cxd5 27. cxd5 Ng7 28. d6 Bxd6 29. Rxd6 Qxd6 30. Bxc5 Qe6 31. Bd5 1-0

[Event "Tianjin Binhai Cup 2nd"]
[Site "Tianjin"]
[Date "2020.01.13"]
[Round "2"]
[White "Xu, Minghui"]
[Black "Amilal, Munkhdalai"]
[Result "1-0"]
[WhiteElo "2404"]
[BlackElo "2070"]
[PlyCount "125"]
[EventDate "2020.01.13"]
[EventType "swiss"]
[EventRounds "9"]
[EventCountry "CHN"]
[SourceTitle "CBM 194 Extra"]
[Source "ChessBase"]
[SourceDate "2020.03.31"]
[SourceVersion "1"]
[SourceVersionDate "2020.03.31"]
[SourceQuality "1"]

1. Nf3 Nf6 2. g3 e6 3. Bg2 d5 4. d4 b5 5. a4 b4 6. c4 bxc3 7. Nxc3 Bb4 8. 0-0 0-0 9. Bf4 Bxc3 10. bxc3 Ba6 11. Ne5 Nfd7 12. Nd3 Nc6 13. e4 Bc4 14. Rb1 Rb8 15. Qc2 Rb6 16. Rfe1 Qc8 17. Rxb6 cxb6 18. Nb2 Ba6 19. exd5 Nb4 20. Qb3 Nxd5 21. Bd6 Re8 22. c4 Ne7 23. Bxe7 Rxe7 24. a5 Re8 25. axb6 axb6 26. Rc1 e5 27. dxe5 Rxe5 28. Qb4 Qc7 29. Nd3 Re8 30. Nf4 Nf6 31. Nd5 Nxd5 32. Bxd5 Rc8 33. Ra1 Bb7 34. Ra7 Rb8 35. c5 Qc8 36. Rxb7 Rxb7 37. Bxb7 Qxb7 38. cxb6 h6 39. h3 g5 40. Qd6 Kg7 41. Qc7 Qe4 42. b7 Qe1+ 43. Kg2 Qe4+ 44. Kh2 Qd4 45. Kg1 Qd1+ 46. Kg2 Qd5+ 47. Kh2 Qd4 48. Qc2 Qb6 49. Qc3+ Kg8 50. Qc8+ Kg7 51. Qc3+ Kg8 52. Qf3 Kg7 53. Kg2 Qb5 54. Qe4 Kf8 55. h4 gxh4 56. gxh4 f5 57. Qf3 Kf7 58. Kh3 Qf1+ 59. Kg3 Qb5 60. Kh2 Ke7 61. Qg3 f4 62. Qa3+ Kf7 63. Qa7 1-0

[Event "CHN-ch rapid"]
[Site "Shenyang"]
[Date "2019.12.18"]
[Round "7"]
[White "Huang, Renjie"]
[Black "Xu, Minghui"]
[Result "1-0"]
[WhiteElo "2292"]
[BlackElo "2406"]
[PlyCount "85"]
[EventDate "2019.12.17"]
[EventType "swiss (rapid)"]
[EventRounds "9"]
[EventCountry "CHN"]
[SourceTitle "CBM 193 Extra"]
[Source "ChessBase"]
[SourceDate "2020.01.31"]
[SourceVersion "1"]
[SourceVersionDate "2020.01.31"]
[SourceQuality "1"]

1. e4 c6 2. d4 d5 3. e5 Bf5 4. Nf3 e6 5. Be2 Ne7 6. 0-0 Nd7 7. Nbd2 Bg6 8. Nb3 Nf5 9. c4 dxc4 10. Bxc4 Be7 11. Bd2 0-0 12. a4 Nb6 13. Ba5 Bh5 14. Be2 Qd5 15. h3 Nh4 16. g4 Bg6 17. Nxh4 Bxh4 18. Nc5 Rab8 19. Bf3 Qd8 20. Bg2 h5 21. f4 hxg4 22. hxg4 Bg3 23. g5 Bf5 24. Ne4 Bh4 25. Nd6 g6 26. Ra3 Kg7 27. Bh3 Rh8 28. Bxf5 gxf5 29. Kg2 Qd7 30. Bxb6 axb6 31. Rh1 Rh7 32. Rah3 Rbh8 33. R1h2 c5 34. d5 Kg6 35. b3 exd5 36. Qxd5 Qc6 37. Qxc6 bxc6 38. Rh1 Rh5 39. Nc4 b5 40. Nd6 c4 41. a5 cxb3 42. Rxb3 Ra8 43. Rbh3 1-0

[Event "CHN-ch blitz"]
[Site "Shenyang"]
[Date "2019.12.18"]
[Round "2"]
[White "Xu, Minghui"]
[Black "Zhao, Yuanhe"]
[Result "0-1"]
[WhiteElo "2268"]
[BlackElo "2346"]
[PlyCount "60"]
[EventDate "2019.12.18"]
[EventType "swiss (blitz)"]
[EventRounds "9"]
[EventCountry "CHN"]
[SourceTitle "CBM 193 Extra"]
[Source "ChessBase"]
[SourceDate "2020.01.31"]
[SourceVersion "1"]
[SourceVersionDate "2020.01.31"]
[SourceQuality "1"]

1. c4 Nf6 2. Nc3 g6 3. g3 Bg7 4. Bg2 0-0 5. d4 d6 6. Nf3 Nbd7 7. 0-0 c6 8. Qc2 e5 9. Rd1 Qe7 10. e4 Re8 11. b3 a5 12. h3 exd4 13. Nxd4 Nc5 14. f3 a4 15. Be3 d5 16. cxd5 cxd5 17. Ndb5 axb3 18. axb3 Rxa1 19. Rxa1 dxe4 20. f4 Be6 21. Ne2 Nxb3 22. Rd1 Rc8 23. Qb2 Ng4 24. Bd4 Nxd4 25. Nbxd4 Ne3 26. Rc1 Rxc1+ 27. Qxc1 Nxg2 28. Kxg2 h5 29. Qe3 Bc4 30. Nc3 Qc5 0-1

[Event "CHN-ch blitz"]
[Site "Shenyang"]
[Date "2019.12.18"]
[Round "6"]
[White "Zeng, Chongsheng"]
[Black "Xu, Minghui"]
[Result "1-0"]
[WhiteElo "2401"]
[BlackElo "2268"]
[PlyCount "99"]
[EventDate "2019.12.18"]
[EventType "swiss (blitz)"]
[EventRounds "9"]
[EventCountry "CHN"]
[SourceTitle "CBM 193 Extra"]
[Source "ChessBase"]
[SourceDate "2020.01.31"]
[SourceVersion "1"]
[SourceVersionDate "2020.01.31"]
[SourceQuality "1"]

1. c3 d5 2. d4 Nf6 3. Bf4 g6 4. e3 Bg7 5. Nf3 0-0 6. h3 Nbd7 7. Nbd2 c5 8. Bd3 Qb6 9. Rb1 cxd4 10. exd4 Nh5 11. Bh2 Bh6 12. 0-0 Nf4 13. Bc2 Nb8 14. Re1 Nc6 15. Ne5 Nxe5 16. Rxe5 Qf6 17. Nf1 Be6 18. Ne3 Rad8 19. Ng4 Bxg4 20. Qxg4 e6 21. Rbe1 Kh8 22. h4 Nh5 23. Rxh5 gxh5 24. Qxh5 Qg7 25. Be5 f6 26. Bg3 Rde8 27. a4 b6 28. a5 bxa5 29. Ba4 Re7 30. Bd6 Rg8 31. g3 Rb7 32. b3 Qg6 33. Qf3 f5 34. c4 f4 35. Bxf4 Rf7 36. Be5+ Bg7 37. Qe3 dxc4 38. bxc4 h6 39. c5 Rf5 40. Bc2 Rxe5 41. Bxg6 Rxe3 42. fxe3 Bf6 43. h5 e5 44. d5 Bg5 45. d6 Kg7 46. c6 Kf6 47. Rd1 Bxe3+ 48. Kg2 Bd4 49. Rf1+ Kg5 50. Kh3 1-0

[Event "CHN-ch rapid"]
[Site "Shenyang"]
[Date "2019.12.17"]
[Round "3"]
[White "Xu, Minghui"]
[Black "Zhao, Yuanhe"]
[Result "0-1"]
[WhiteElo "2406"]
[BlackElo "2385"]
[PlyCount "72"]
[EventDate "2019.12.17"]
[EventType "swiss (rapid)"]
[EventRounds "9"]
[EventCountry "CHN"]
[SourceTitle "CBM 193 Extra"]
[Source "ChessBase"]
[SourceDate "2020.01.31"]
[SourceVersion "1"]
[SourceVersionDate "2020.01.31"]
[SourceQuality "1"]

1. d4 Nf6 2. Nf3 g6 3. c4 Bg7 4. e3 0-0 5. Be2 d6 6. 0-0 Nbd7 7. Nc3 c6 8. b4 Re8 9. a4 a5 10. b5 Qc7 11. Ba3 c5 12. d5 Nb6 13. e4 Bg4 14. Nd2 Bxe2 15. Nxe2 e6 16. dxe6 Rxe6 17. Nf4 Re7 18. f3 Bh6 19. Nd5 Nfxd5 20. cxd5 Nxa4 21. Qc2 Nb6 22. Bb2 Bxd2 23. Qxd2 Nc4 24. Qc3 Nxb2 25. Qxb2 b6 26. Ra4 Rae8 27. g4 Re5 28. Kh1 Qe7 29. Rg1 h5 30. Qd2 hxg4 31. Rxg4 Rh5 32. Ra1 Qf6 33. Rf1 a4 34. Kg2 a3 35. Qd3 Ra8 36. Qd1 Qb2+ 0-1

[Event "CHN-chT"]
[Site "China"]
[Date "2019.12.05"]
[Round "20.2"]
[White "Chen, Qi B"]
[Black "Xu, Minghui"]
[Result "1/2-1/2"]
[WhiteElo "2445"]
[BlackElo "2406"]
[PlyCount "60"]
[EventDate "2019.04.09"]
[EventType "team-tourn"]
[EventRounds "22"]
[EventCountry "CHN"]
[SourceTitle "CBM 195 Extra"]
[Source "ChessBase"]
[SourceDate "2020.05.31"]
[SourceVersion "1"]
[SourceVersionDate "2020.05.31"]
[SourceQuality "1"]
[WhiteTeam "Jiangsu"]
[BlackTeam "Zhejiang"]
[WhiteTeamCountry "CHN"]
[BlackTeamCountry "CHN"]

1. e4 e5 2. Nf3 Nc6 3. Bb5 a6 4. Ba4 Nf6 5. 0-0 Nxe4 6. d4 b5 7. Bb3 d5 8. dxe5 Be6 9. Nbd2 Be7 10. c3 0-0 11. Re1 Nc5 12. Nd4 Nxd4 13. cxd4 Nxb3 14. Nxb3 a5 15. Be3 a4 16. Nc1 Bf5 17. Nd3 Qd7 18. Rc1 Ra6 19. Qe2 Rg6 20. f3 h5 21. Nf4 Rh6 22. Nd3 Rg6 23. Qd2 c6 24. Nf4 Rh6 25. Nd3 Rg6 26. Nf4 Rh6 27. Nd3 Rg6 28. Nf4 Rh6 29. Nd3 Rg6 30. Nf4 Rh6 1/2-1/2

[Event "CHN-chT"]
[Site "China"]
[Date "2019.12.04"]
[Round "19.1"]
[White "Xu, Minghui"]
[Black "Predke, Alexandr"]
[Result "0-1"]
[WhiteElo "2406"]
[BlackElo "2676"]
[PlyCount "152"]
[EventDate "2019.04.09"]
[EventType "team-tourn"]
[EventRounds "22"]
[EventCountry "CHN"]
[SourceTitle "CBM 195 Extra"]
[Source "ChessBase"]
[SourceDate "2020.05.31"]
[SourceVersion "1"]
[SourceVersionDate "2020.05.31"]
[SourceQuality "1"]
[WhiteTeam "Zhejiang"]
[BlackTeam "Shenzhen Longgang"]
[WhiteTeamCountry "CHN"]
[BlackTeamCountry "CHN"]

1. d4 d5 2. Nf3 Nf6 3. c4 dxc4 4. e3 e6 5. Bxc4 c5 6. 0-0 Nc6 7. Nc3 a6 8. dxc5 Qxd1 9. Rxd1 Bxc5 10. Nd2 0-0 11. Nde4 Nxe4 12. Nxe4 Be7 13. Bd2 Rd8 14. Be1 Bd7 15. Nd6 Rab8 16. Be2 Kf8 17. Rac1 e5 18. Bf3 Be6 19. Nxb7 Rxd1 20. Rxd1 Rxb7 21. Bxc6 Rxb2 22. a4 Bb4 23. Bxb4+ Rxb4 24. h3 Ke7 25. a5 h6 26. Kf1 Rb3 27. Bd5 Ra3 28. Bxe6 Kxe6 29. Rd8 Rxa5 30. g4 Rd5 31. Ra8 Rd6 32. Ra7 e4 33. Kg2 g5 34. Kg3 f5 35. h4 gxh4+ 36. Kxh4 fxg4 37. Kxg4 Ke5 38. f4+ exf3 39. Kxf3 Rf6+ 40. Ke2 Kf5 41. Kf3 h5 42. Kg3 Kg5 43. Rg7+ Rg6 44. Rc7 Kh6+ 45. Kf4 Rf6+ 46. Kg3 Kg5 47. Rg7+ Rg6 48. Rc7 h4+ 49. Kh3 Rh6 50. Rc5+ Kf6 51. Rc6+ Kg7 52. Rc7+ Kf8 53. e4 Ke8 54. e5 Kd8 55. Ra7 Kc8 56. e6 Rxe6 57. Kxh4 Kb8 58. Rf7 Rg6 59. Kh5 Rg3 60. Kh4 Rg2 61. Kh3 Rg1 62. Kh4 a5 63. Rf5 a4 64. Ra5 Ra1 65. Kg3 Kb7 66. Kg2 Kb6 67. Ra8 Kb5 68. Rb8+ Kc4 69. Rc8+ Kb3 70. Rb8+ Ka2 71. Kf2 Rb1 72. Ra8 a3 73. Ke2 Kb2 74. Kd3 Rd1+ 75. Ke2 Rd4 76. Rb8+ Kc3 0-1

[Event "CHN-chT"]
[Site "China"]
[Date "2019.11.21"]
[Round "16.4"]
[White "Jakovenko, Dmitrij"]
[Black "Xu, Minghui"]
[Result "1-0"]
[WhiteElo "2698"]
[BlackElo "2406"]
[PlyCount "83"]
[EventDate "2019.04.09"]
[EventType "team-tourn"]
[EventRounds "22"]
[EventCountry "CHN"]
[SourceTitle "CBM 195 Extra"]
[Source "ChessBase"]
[SourceDate "2020.05.31"]
[SourceVersion "1"]
[SourceVersionDate "2020.05.31"]
[SourceQuality "1"]
[WhiteTeam "Hangzhou Bank"]
[BlackTeam "Zhejiang"]
[WhiteTeamCountry "CHN"]
[BlackTeamCountry "CHN"]

1. e4 e5 2. Nf3 Nc6 3. Bb5 a6 4. Ba4 Nf6 5. 0-0 Nxe4 6. d4 b5 7. Bb3 d5 8. dxe5 Be6 9. Be3 Be7 10. c3 0-0 11. Re1 Qd7 12. Nbd2 Rad8 13. Bc2 Nxd2 14. Qxd2 Bf5 15. Rad1 Qe6 16. Nd4 Nxd4 17. cxd4 Bxc2 18. Qxc2 c6 19. f4 f5 20. Rc1 Rc8 21. Qd2 Ra8 22. Rc2 a5 23. Rec1 Rfc8 24. h3 Kh8 25. Kh2 Rc7 26. Qd3 b4 27. g4 g6 28. gxf5 gxf5 29. Rg2 Bh4 30. Rcg1 Rcc8 31. Bf2 Bxf2 32. Rxf2 Rg8 33. Rfg2 Rxg2+ 34. Rxg2 h6 35. Qg3 Rg8 36. Qxg8+ Qxg8 37. Rxg8+ Kxg8 38. Kg3 Kf7 39. Kf3 a4 40. Ke3 Ke6 41. Kd3 h5 42. a3 1-0